000 01886nam a22005417a 4500
003 OSt
005 20230322160310.0
008 221006b |||||||| |||| 00| 0 eng d
040 _cBiblioteca Lado V
082 _a701.1
_bS744a
100 _9795
_aSrendni de Birbragher, Celia
_eeditora
_edirectora
245 _aArtNexus/
260 _bAsociación de Revistas Culturales
_c2003
_aU.S.A.
_aColombia
300 _c21x28cm
_a196p.
366 _espa
490 _a51
_v2
_v2003
_x0120 713 X
505 _tMAC - Museo de Arte Contemporáneo de Puerto Rico
505 _tJose Antonio Hernandez-Diez
505 _tSusan May
_aCuradora de la Tate Modern de Londres
505 _tYishai Jusidman
_aA vueltas con la pintura
505 _tBueno parece, arte no es
505 _tGlexis Novoa
505 _tIV Bienal del MERCOSUR
505 _tVictor Vazquez
505 _tRosemberg Sandoval
505 _tVIII Bienal de Estambul
505 _tGunther Gerzo
505 _tArt Paris
505 _tFIAC
505 _tFrieze Art Fair
505 _tAffordable Art Fair
505 _tCronicas Individuales
505 _tExposiciones Colectivas
505 _tLibros y Catalogos
505 _tGuía de Galerías y Museos
505 _tReseña de libros
505 _tFrancis Alys
650 _2Tesauro de Arte & Arquitectura
_aARTE
_9703
650 _2Tesauro de Arte & Arquitectura
_aEXPOSICIONES
650 _2Tesauro de Arte & Arquitectura
_aBIENAL
650 _2Tesauro de Arte & Arquitectura
_aAPRECIACION
650 _2Tesauro de Arte & Arquitectura
_aTEORIA
650 _2Tesauro de Arte & Arquitectura
_aCRITICA
650 _2Tesauro de Arte & Arquitectura
_aFOTOGRAFIA
_9702
650 _2Tesauro de Arte & Arquitectura
_aLITERATURA
651 _2Tesauro de Arte & Arquitectura
_aCOLOMBIA
942 _2ddc
_c1
_h701.1
_iS744a
_n0
999 _c3280
_d3280